[Event "Parana Dos Orillas op"]
[Site "Parana"]
[Date "2022.10.02"]
[Round "5"]
[White "Giacomo, Gabriel"]
[Black "Mangioni, Nicanor"]
[Result "1/2-1/2"]
[WhiteElo "1933"]
[BlackElo "1574"]
[PlyCount "47"]
[EventDate "2022.09.30"]
[EventType "swiss"]
[EventRounds "6"]
[EventCountry "ARG"]
[SourceTitle "EXT 2023"]
[Source "ChessBase"]
[SourceDate "2022.10.05"]
[SourceVersion "1"]
[SourceVersionDate "2022.10.05"]
[SourceQuality "1"]

1. e4 c5 2. Nf3 d6 3. d4 cxd4 4. Nxd4 Nf6 5. Nc3 a6 6. Bg5 Nbd7 7. f4 Qc7 8. Bd3 b5 9. a3 h6 10. Bh4 g6 11. Qe2 Bg7 12. Nd5 Nxd5 13. exd5 g5 14. Nf5 Bf6 15. fxg5 hxg5 16. Bg3 Ne5 17. 0-0-0 Nxd3+ 18. Qxd3 Bxf5 19. Qxf5 Qd7 20. Qe4 0-0-0 21. Kb1 Kb7 22. Rhf1 Rc8 23. Rf3 Qc7 24. h3 1/2-1/2

[Event "ARG-ch sf U2300 Villa Maria"]
[Site "Villa Maria"]
[Date "2017.02.19"]
[Round "5.3"]
[White "Anchino, Daniel"]
[Black "Giacomo, Gabriel"]
[Result "0-1"]
[WhiteElo "1806"]
[BlackElo "1986"]
[PlyCount "78"]
[EventDate "2017.02.18"]
[EventType "swiss"]
[EventRounds "6"]
[EventCountry "ARG"]
[SourceTitle "EXT 2024"]
[Source "ChessBase"]
[SourceDate "2023.10.10"]
[SourceVersion "1"]
[SourceVersionDate "2023.10.10"]
[SourceQuality "1"]

1. e4 e5 2. Nf3 Nc6 3. Bb5 a6 4. Ba4 Nf6 5. 0-0 b5 6. Bb3 Nxe4 7. Re1 d5 8. d3 Nf6 9. Nxe5 Nxe5 10. Rxe5+ Be6 11. Nc3 c6 12. Qf3 Bd6 13. Re1 h6 14. h3 0-0 15. Bd2 c5 16. a3 c4 17. Ba2 Re8 18. Rad1 Ra7 19. dxc4 bxc4 20. Bf4 Rd7 21. Bxd6 Rxd6 22. b3 d4 23. Ne4 Nxe4 24. Qxe4 c3 25. b4 Qf6 26. Qd3 Red8 27. Bxe6 Rxe6 28. Kf1 Rxe1+ 29. Rxe1 g6 30. a4 Rd5 31. Re8+ Kg7 32. Qe4 Rf5 33. f3 Qd6 34. Qe7 Qf4 35. Qf8+ Kf6 36. Qh8+ Kg5 37. h4+ Kxh4 38. Kg1 Kg3 39. Re1 Qd2 0-1

[Event "ARG-ch sf U2300 Villa Maria"]
[Site "Villa Maria"]
[Date "2017.02.18"]
[Round "3.3"]
[White "Gramaglia, Gonzalo Adrian"]
[Black "Giacomo, Gabriel"]
[Result "1-0"]
[WhiteElo "1715"]
[BlackElo "1986"]
[PlyCount "49"]
[EventDate "2017.02.18"]
[EventType "swiss"]
[EventRounds "6"]
[EventCountry "ARG"]
[SourceTitle "EXT 2024"]
[Source "ChessBase"]
[SourceDate "2023.10.10"]
[SourceVersion "1"]
[SourceVersionDate "2023.10.10"]
[SourceQuality "1"]

1. Nf3 d5 2. b3 Nf6 3. Bb2 c5 4. e3 a6 5. c4 Bg4 6. h3 Bh5 7. g4 Bg6 8. g5 Ng8 9. cxd5 Bxb1 10. Rxb1 Qxd5 11. Bc4 Qf5 12. Ne5 f6 13. gxf6 exf6 14. Bd3 Qg5 15. h4 Qg2 16. Qh5+ g6 17. Nxg6 hxg6 18. Qxh8 Qxh1+ 19. Ke2 Qg2 20. Qxg8 Qg4+ 21. Kf1 f5 22. Qe6+ Be7 23. Qc8+ Bd8 24. Qxb7 Nd7 25. Qxa8 1-0

[Event "Las Varillas Cup Municipalidad"]
[Site "Las Varillas"]
[Date "2015.08.16"]
[Round "5.3"]
[White "Toniutti, Ezio"]
[Black "Giacomo, Gabriel"]
[Result "1-0"]
[WhiteElo "2215"]
[BlackElo "1986"]
[PlyCount "105"]
[EventDate "2015.08.15"]
[EventType "swiss"]
[EventRounds "7"]
[EventCountry "ARG"]
[SourceTitle "EXT 2024"]
[Source "ChessBase"]
[SourceDate "2023.10.10"]
[SourceVersion "1"]
[SourceVersionDate "2023.10.10"]
[SourceQuality "1"]

1. d4 Nf6 2. c4 d6 3. Nf3 g6 4. g3 Bg7 5. Bg2 c5 6. 0-0 cxd4 7. Nxd4 0-0 8. Nc3 a6 9. b3 Qc7 10. Bb2 Nc6 11. Rc1 Bd7 12. Nd5 Qd8 13. Nxc6 Bxc6 14. Nxf6+ exf6 15. Bxc6 bxc6 16. Rc2 Qe7 17. Rd2 Rfd8 18. e3 d5 19. cxd5 Rxd5 20. Rxd5 cxd5 21. Qxd5 Rd8 22. Qa5 Qd6 23. Bd4 Rc8 24. Qd2 Qc6 25. Qe2 a5 26. Rd1 Bf8 27. Bb2 Qe4 28. Qa6 Rc6 29. Qa8 Qf3 30. Rf1 Kg7 31. Qxa5 h5 32. Qd2 h4 33. Qd1 Qf5 34. g4 Qe4 35. Qd4 Qf3 36. Qf4 Qh3 37. Qe4 Rc2 38. Bd4 Rxa2 39. Qg2 Qxg2+ 40. Kxg2 Bd6 41. h3 Be5 42. Bxe5 fxe5 43. Rb1 f5 44. gxf5 gxf5 45. b4 Ra6 46. b5 Rb6 47. Kf3 Kg6 48. e4 Kf6 49. exf5 Kxf5 50. Ke3 e4 51. Rb4 Rb8 52. b6 Rb7 53. Rb5+ 1-0